Jugadores Real Madrid 2014-2024 - Estadísticas

Estadísticas generales
  • Esta prueba ha sido intentada 396 veces
  • La puntuación promedio es 51 de 78
Estadísticas de respuestas
Nacionalidad Posición Etapa en el club Respuesta % Correcto
España Portero 2015-2019 Kiko Casilla
98%
Portugal Delantero 2009-2018 Cristiano Ronaldo
92%
España Lateral Derecho 2010-2012 y 2013-actualidad Dani Carvajal
92%
Costa Rica Portero 2014-2020 Keylor Navas
92%
Croacia Mediocentro 2012-actualidad Luka Modric
91%
España Defensa 2005-2021 Sergio Ramos
91%
Gales Extremo Derecho 2013-2020 y 2021-2022 Gareth Bale
90%
Francia Delantero 2009-2023 Karim Benzema
90%
Brasil Lateral Izquierdo 2006-2022 Marcelo
90%
Alemania Mediocentro 2014-2024 Toni Kroos
89%
Brasil Extremo Izquierdo 2018-actualidad Vinicius Jr
89%
Francia Portero 2015-2019 Luca Zidane
88%
Uruguay Mediocentro 2016-2017 y 2018-actualidad Federico Valverde
86%
Portugal Defensa 2007-2017 Pepe
86%
Francia Defensa 2011-2021 Raphael Varane
86%
Brasil Extremo Derecho 2019-actualidad Rodrygo Goes
86%
Belgica Portero 2018-actualidad Thibaut Courtois
86%
Brasil Pivote 2012-2014 y 2015-2023 Casemiro
85%
España Defensa 2008-actualidad Nacho
85%
España Portero 1997-2015 Iker Casillas
82%
Ucrania Portero 2018-2019 y 2020-actualidad Andriy Lunin
81%
Inglaterra Mediocentro 2023-actualidad Jude Bellingham
81%
Alemania Defensa 2022-actualidad Antonio Rudiger
80%
Francia Lateral Izquierdo 2019-actualidad Ferland Mendy
80%
España Mediapunta 2013-2022 Isco
80%
Colombia Mediapunta 2014-2017 y 2019-2020 James
80%
Francia Pivote 2021-actualidad Eduardo Camavinga
79%
Argentina Extremo Derecho 2010-2015 Angel Di Maria
78%
Turquia Mediapunta 2023-actualidad Arda Guler
78%
Brasil Defensa 2019-actualidad Eder Militao
78%
Marruecos Mediapunta 2018-2020 y 2023-actualidad Brahim Diaz
77%
Austria Defensa 2021-actualidad David Alaba
77%
Francia Delantero 2024-actualidad Kylian Mbappe
77%
España Extremo Izquierdo 2016-2023 Marco Asensio
77%
Brasil Pivote 2014-2015 Lucas Silva
75%
Francia Entrenador 2016-2018 y 2019-2021 Zinedine Zidane
74%
Marruecos Lateral Derecho 2015-2018 Achraf Hakimi
73%
España Portero 2003-2007 y 2012-2014 Diego Lopez
73%
Portugal Lateral Izquierdo 2011-2015 y 2016-2017 Fabio Coentrao
71%
España Delantero 2010-2012 y 2023-actualidad Joselu Mato
71%
España Pivote 2009-2014 Xabi Alonso
71%
Belgica Extremo Izquierdo 2019-2023 Eden Hazard
70%
Republica Dominicana Delantero 2011-2017 y 2018-2023 Mariano Diaz
70%
Francia Pivote 2022-actualidad Aurelien Tchouameni
69%
Italia Entrenador 2013-2015 y 2021-actualidad Carlo Ancelotti
69%
Brasil Delantero 2024-actualidad Endrick
69%
Mexico Delantero 2014-2015 Chicharito
68%
Croacia Mediocentro 2015-2018 Mateo Kovacic
67%
España Delantero 2009-2014 y 2016-17 Alvaro Morata
65%
España Mediocentro 2017-2019 y 2021-actualidad Dani Ceballos
65%
España Lateral Izquierdo 2016-2020 y 2023-actualidad Fran Garcia
64%
Noruega Mediocentro 2014-2017 y 2020-2021 Martin Odegaard
64%
Alemania Mediocentro 2010-2015 Sami Khedira
64%
Brasil Lateral Derecho 2015-2017 Danilo
63%
Serbia Delantero Centro 2019-2021 y 2021-2022 Luka Jovic
62%
España Lateral Derecho 2003-2006 y 2009-2016 Alvaro Arbeloa
59%
España Lateral Derecho 2010-2014 y 2015-actualidad Lucas Vazquez
59%
España Defensa 2017-2019 y 2021-2023 Jesus Vallejo
56%
España Portero 2023-2024 Kepa Arrizabalaga
53%
Argentina Entrenador 2018-2019 Santiago Solari
52%
Argentina Mediocentro 2020-actualidad Nico Paz
50%
España Entrenador 2018-2018 Julen Lopetegui
48%
España Entrenador 2015-2016 Rafa Benitez
48%
Francia Lateral Izquierdo 2017-2018 Theo Hernandez
48%
España Extremo Izquierdo 2010-2016 Jese
41%
España Lateral Derecho 2018-2020 y 2020-2024 Alvaro Odriozola
40%
Uruguay Delantero 2021-2024 Alvaro Rodriguez
38%
España Pivote 2013-2015 Asier Illarramendi
36%
España Lateral Izquierdo 2014-2019 Sergio Reguilon
32%
España Delantero 2014-2016 y 2017-2019 y 2020-2021 Borja Mayoral
31%
España Mediocentro 2013-2017 Marcos Llorente
30%
España Portero 2010-2014 Jesus Fernandez
24%
España Lateral Izquierdo 2017-2022 Miguel Guitierrez
21%
España Pivote 2017-2022 Antonio Blanco
12%
España Defensa 2020-2023 Rafa Marin
12%
España Mediapunta 2019-2023 Sergio Arribas
12%
Brasil Extremo Derecho 2018-2022 Marvin Park
8%
España Delantero 2010-2015 Raul De Tomas
6%
No se encontraron pruebas coincidentes
Distribución de puntuación
Porcentaje de gente con cada puntuación
Porcentaje por número respondido
Historial de tus puntuaciones
No has intentado esta prueba.